Taking sides. (Record no. 13386)
[ view plain ]
| 000 -LEADER | |
|---|---|
| fixed length control field | 00630cam a2200205Ia 4500 |
| 020 ## - INTERNATIONAL STANDARD BOOK NUMBER | |
| ISBN | 156134446X |
| 020 ## - INTERNATIONAL STANDARD BOOK NUMBER | |
| ISBN | 9781561344468 |
| 040 ## - CATALOGING SOURCE | |
| Transcribing agency | NBJ |
| 082 ## - DEWEY DECIMAL CLASSIFICATION NUMBER | |
| Classification number | 364 DUS 1996 A014 Or. |
| 245 00 - TITLE STATEMENT | |
| Title | Taking sides. |
| 250 ## - EDITION STATEMENT | |
| Edition statement | 4th ed. |
| 260 ## - PUBLICATION, DISTRIBUTION, ETC. (IMPRINT) | |
| Place of publication | Guilford, Conn. : |
| Name of publisher | Dushkin Pub. Group, |
| Year of publication | c1996. |
| 300 ## - PHYSICAL DESCRIPTION | |
| Number of Pages | xxi, 354 p. : |
| Other physical details | ill. ; |
| Dimensions | 24 cm. |
| 520 ## - SUMMARY, ETC. | |
| Summary, etc | Contains thirty-six essays, arranged in pro and contra pairs, that address a variety of issues within crime and criminology. |
| 650 #0 - SUBJECT ADDED ENTRY--TOPICAL TERM | |
| Topical Term | Crime |
| 650 #0 - SUBJECT ADDED ENTRY--TOPICAL TERM | |
| Topical Term | Criminal justice, Administration of |
| 650 #0 - SUBJECT ADDED ENTRY--TOPICAL TERM | |
| Topical Term | Criminology. |
| 700 1# - ADDED ENTRY--PERSONAL NAME | |
| Personal name | Monk, Richard C., |
| 942 ## - ADDED ENTRY ELEMENTS (KOHA) | |
| Koha item type | សៀវភៅភាសាអង់គ្លេស |
| 952 ## - LOCATION AND ITEM INFORMATION (KOHA) | |
| Withdrawn status [LOCAL, KOHA] | 0 |
| Permanent Location | Date acquired | Koha item type | Lost status | Shelving location | Barcode | Current Location | Full call number |
|---|---|---|---|---|---|---|---|
| Library Block A | 2017-08-25 | សៀវភៅភាសាអង់គ្លេស | A014 | A18713 | Library Block A | 364 DUS 1996 A014 Or. |